Interlinking of Indian rivers / (Record no. 126795)

MARC details
000 -LEADER
fixed length control field 00792nam a22002537a 4500
003 - CONTROL NUMBER IDENTIFIER
control field dpl
005 - DATE AND TIME OF LATEST TRANSACTION
control field 20180803162827.0
008 - FIXED-LENGTH DATA ELEMENTS--GENERAL INFORMATION
fixed length control field 180803b xxu||||| |||| 00| 0 eng d
010 ## - LIBRARY OF CONGRESS CONTROL NUMBER
LC control number B-219271
020 ## - INTERNATIONAL STANDARD BOOK NUMBER
Terms of availability 395.00
International Standard Book Number 9788183820417
035 ## - SYSTEM CONTROL NUMBER
System control number B-219271, B-219281
037 ## - SOURCE OF ACQUISITION
Source of stock number/acquisition Cen Lib/ Ret
040 ## - CATALOGING SOURCE
Original cataloging agency DPL
Language of cataloging EN
Transcribing agency 0
082 ## - DEWEY DECIMAL CLASSIFICATION NUMBER
Classification number 333.9162160954
Item number BHA
100 ## - MAIN ENTRY--PERSONAL NAME
Personal name Bharti, Radha Kant
9 (RLIN) 18508
245 ## - TITLE STATEMENT
Title Interlinking of Indian rivers /
Statement of responsibility, etc by Rdha Kant Bharati
260 ## - PUBLICATION, DISTRIBUTION, ETC. (IMPRINT)
Place of publication, distribution, etc New Delhi
Name of publisher, distributor, etc Lotus press
Date of publication, distribution, etc 2006
270 ## - ADDRESS
City New Delhi
Address 4263/3, Ansari road Drayaganj
300 ## - PHYSICAL DESCRIPTION
Extent 129p.
Dimensions 21cm(Hb)
500 ## - GENERAL NOTE
General note Includes index
650 ## - SUBJECT ADDED ENTRY--TOPICAL TERM
Topical term or geographic name as entry element River engineering
General subdivision
9 (RLIN) 18509
650 ## - SUBJECT ADDED ENTRY--TOPICAL TERM
General subdivision Water resources development
Geographic subdivision India
9 (RLIN) 18510
942 ## - ADDED ENTRY ELEMENTS (KOHA)
Source of classification or shelving scheme Dewey Decimal Classification
Koha item type English Books
Classification part 333.9162160954
Call number suffix BHA
Holdings
Withdrawn status Lost status Damaged status Not for loan Home library Current library Date acquired Source of acquisition Cost, normal purchase price Total Checkouts Total Renewals Full call number Barcode Date last seen Date checked out Copy number Cost, replacement price Price effective from Koha item type Source of classification or shelving scheme Collection code
        Central Library Central Library 26/06/2015 Cen Lib/Ret 395.00 2 1 333.9162160954 BHA B-219271 21/03/2022 21/02/2022 1 395.00 26/06/2015 English Books    
        Shahdara Branch Shahdara Branch 03/08/2018 BPPD/PUB 395.00 2 2 333.9162160954 BHA B-219281 07/12/2019 22/11/2019   395.00 03/08/2018 English Books Dewey Decimal Classification Non-fiction

© Delhi Public Library
Hit Counter
free hit counter